000 00702nam a22002177a 4500
003 UA-OsUOA
001 71792
007 ta
008 20101203b un ||||| |||| 00| 0 ukr d
100 _aМогтльницька Г.
090 _a81
_bМ74
942 _cSA
040 _aUA-OsUOA
_bukr
_cUA-OsUOA
_dUA-OsUOA
245 _aРозрізняймо порівняння, порівняльні звороти і підрядні речення з порівняльним змістом
300 _aС.2-9
955 _a0
041 _aukr
080 _a81
773 0 _w71791
650 7 _a8 Мовознавство. Художня література. Літературознавство
_2UDC
999 _c357957
_d357957